00377nam a2200121Ia 4500100001600000942000700016245003700023260004700060082001200107546001200119999001700131952010700148 aMonday/ c.  cBK aCapstan & Turret lathe Practice. bMAchinerys Standard Reference Seriesc2001 a621.942 aENGLISH c33463d33463 001040708AFTaCRCEbCRCEd2023-03-17g22.50l0o621.942 pAFT482r2023-03-17v22.50w2023-03-17yBK